Countries Containing ''OR'' - Statistics

General Stats
  • This quiz has been taken 206 times
    138 since last reset
  • The average score is 9 of 16
Answer Stats
''OR'' Country % Correct
Morocco
74%
Portugal
74%
North Korea
72%
Norway
69%
Ecuador
62%
Comoros
60%
El Salvador
57%
North Macedonia
56%
East Timor
54%
South Korea
52%
Andorra
49%
Equatorial Guinea
40%
Jordan
40%
Georgia
39%
Singapore
39%
Ivory Coast
27%
No matching quizzes found
Score Distribution
Percent of People with Each Score
Percentile by Number Answered
Your Score History
You have not taken this quiz since the last reset